Model compositions & summaries for english

Bibliographic Details
Main Author: Sebastian Maryann
Format: Book
Published: Selangor : Oxford Fajar Sdn. Bhd , 2013
Series:Spoton
Subjects:

MARC

LEADER 00000cam a2200000 7i4500
001 0000047833
005 20150526.0
008 150526
020 |a 9789834713126 
090 0 0 |a 428.24   |b SEB 
100 1 |a Sebastian Maryann 
245 1 0 |a Model compositions & summaries for english   |c Maryann Sebastian 
260 |a Selangor :   |b Oxford Fajar Sdn. Bhd ,   |c 2013 
490 1 |a Spoton 
500 |a Includes answers 
650 0 |a Education   |x Secondary school 
650 0 |a English. 
999 |a 0001343963   |b Book   |c Teenagers   |e Cawangan Tmn. Ungku Tun Aminah 
999 |a 0001343964   |b Book   |c Teenagers   |e Cawangan Bandar Penawar 
999 |a 0001343966   |b Book   |c Teenagers   |e Cawangan Mersing 
999 |a 0001343967   |b Book   |c Teenagers   |e Cawangan Sri Merlong 
999 |a 0001343968   |b Book   |c Teenagers   |e Cawangan Segamat 
999 |a 0001343969   |b Book   |c Teenagers   |e Cawangan Bandar Tenggara 
999 |a 0001343970   |b Book   |c Teenagers   |e Cawangan Taman Sri Lambak 
999 |a 0001343971   |b Book   |c Teenagers   |e Cawangan Pontian 
999 |a 0001343972   |b Book   |c Teenagers   |e Cawangan Bukit Gambir 
999 |a 0001343973   |b Book   |c Teenagers   |e Cawangan Tangkak 
999 |a 0001343975   |b Book   |c Teenagers   |e Cawangan Batu Pahat 
999 |a 0001347215   |b Book   |c Teenagers   |e Perbadanan Perpustakaan Awam Johor 
999 |a 0001347216   |b Book   |c Teenagers   |e Perbadanan Perpustakaan Awam Johor 
999 |a 0001347217   |b Book   |c Teenagers   |e Cawangan Urban Transformation Centre